Nederlandse gemeentes per provincie - Statistieken

Algemene statistieken
  • Deze quiz is 86 keer genomen
  • De gemiddelde score is 33 van 345
Antwoordstatistieken
Provincie Inwoners Gemeente % Correct
Noord-Holland 905.234 Amsterdam
87%
Noord-Holland 162.914 Haarlem
68%
Noord-Holland 159.346 Haarlemmermeer
42%
Noord-Holland 110.785 Alkmaar
35%
Noord-Holland 157.215 Zaanstad
35%
Zuid-Holland 656.050 Rotterdam
32%
Zuid-Holland 552.995 Den Haag
29%
Zuid-Holland 119.576 Dordrecht
26%
Zuid-Holland 125.167 Leiden
26%
Limburg 120.837 Maastricht
26%
Noord-Holland 92.412 Purmerend
26%
Noord-Holland 56.348 Den Helder
23%
Noord-Holland 91.799 Hilversum
23%
Noord-Holland 74.331 Hoorn
23%
Friesland 125.542 Leeuwarden
23%
Zuid-Holland 125.867 Zoetermeer
23%
Flevoland 218.096 Almere
19%
Zuid-Holland 112.913 Alphen aan den Rijn
19%
Utrecht 158.712 Amersfoort
19%
Noord-Holland 92.351 Amstelveen
19%
Drenthe 69.042 Assen
19%
Caribisch Nederland 22.573 Bonaire
19%
Noord-Brabant 184.716 Breda
19%
Zuid-Holland 104.468 Delft
19%
Overijssel 101.440 Deventer
19%
Noord-Brabant 238.478 Eindhoven
19%
Drenthe 107.902 Emmen
19%
Overijssel 160.383 Enschede
19%
Zeeland 38.998 Goes
19%
Zuid-Holland 74.165 Gouda
19%
Groningen 234.649 Groningen
19%
Limburg 86.874 Heerlen
19%
Flevoland 81.208 Lelystad
19%
Zeeland 49.214 Middelburg
19%
Flevoland 48.119 Noordoostpolder
19%
Limburg 59.142 Roermond
19%
Caribisch Nederland 1.911 Saba
19%
Zuid-Holland 79.745 Schiedam
19%
Caribisch Nederland 3.242 Sint Eustatius
19%
Limburg 91.760 Sittard-Geleen
19%
Zeeland 54.555 Terneuzen
19%
Noord-Holland 13.687 Texel
19%
Noord-Brabant 224.702 Tilburg
19%
Utrecht 361.924 Utrecht
19%
Limburg 102.176 Venlo
19%
Zuid-Holland 74.118 Vlaardingen
19%
Zeeland 44.534 Vlissingen
19%
Zuid-Holland 112.559 Westland
19%
Flevoland 23.417 Zeewolde
19%
Overijssel 130.872 Zwolle
19%
Overijssel 73.175 Almelo
16%
Zuid-Holland 67.255 Capelle aan den IJssel
16%
Drenthe 35.466 Coevorden
16%
Flevoland 42.936 Dronten
16%
Noord-Brabant 93.525 Helmond
16%
Zuid-Holland 88.742 Hoeksche Waard
16%
Drenthe 55.927 Hoogeveen
16%
Zeeland 27.523 Hulst
16%
Zuid-Holland 66.081 Katwijk
16%
Limburg 45.233 Kerkrade
16%
Zuid-Holland 57.106 Krimpenerwaard
16%
Zuid-Holland 64.129 Lansingerland
16%
Zuid-Holland 76.642 Leidschendam-Voorburg
16%
Drenthe 34.779 Meppel
16%
Zeeland 7.673 Noord-Beveland
16%
Zuid-Holland 56.652 Pijnacker-Nootdorp
16%
Zuid-Holland 57.096 Rijswijk
16%
Zeeland 34.148 Schouwen-Duiveland
16%
Noord-Brabant 156.599 's-Hertogenbosch
16%
Zeeland 23.147 Sluis
16%
Zeeland 26.425 Tholen
16%
Flevoland 21.467 Urk
16%
Zeeland 21.838 Veere
16%
Limburg 43.997 Venray
16%
Limburg 50.362 Weert
16%
Drenthe 25.562 Aa en Hunze
13%
Zuid-Holland 20.129 Alblasserdam
13%
Zuid-Holland 25.913 Albrandswaard
13%
Gelderland 165.648 Apeldoorn
13%
Gelderland 164.096 Arnhem
13%
Zuid-Holland 48.674 Barendrecht
13%
Noord-Holland 12.391 Blaricum
13%
Drenthe 25.679 Borger-Odoorn
13%
Zeeland 22.840 Borsele
13%
Drenthe 24.498 De Wolden
13%
Noord-Holland 87.783 Dijk en Waard
13%
Gelderland 58.552 Doetinchem
13%
Gelderland 120.037 Ede
13%
Zuid-Holland 51.054 Goeree-Overflakkee
13%
Overijssel 61.841 Hardenberg
13%
Overijssel 81.463 Hengelo
13%
Zuid-Holland 22.307 Hillegom
13%
Utrecht 50.301 Houten
13%
Noord-Holland 40.945 Huizen
13%
Zeeland 13.011 Kapelle
13%
Noord-Holland 11.555 Landsmeer
13%
Noord-Holland 11.563 Laren
13%
Zuid-Holland 23.000 Lisse
13%
Drenthe 33.677 Midden-Drenthe
13%
Groningen 60.865 Midden-Groningen
13%
Utrecht 64.534 Nieuwegein
13%
Gelderland 179.073 Nijmegen
13%
Zuid-Holland 86.292 Nissewaard
13%
Zuid-Holland 25.485 Oegstgeest
13%
Groningen 38.528 Oldambt
13%
Noord-Holland 9.644 Oostzaan
13%
Noord-Holland 12.088 Opmeer
13%
Noord-Brabant 93.401 Oss
13%
Noord-Holland 14.208 Ouder-Amstel
13%
Zeeland 22.909 Reimerswaal
13%
Zuid-Holland 47.071 Ridderkerk
13%
Zuid-Holland 25.926 Sliedrecht
13%
Groningen 31.928 Stadskanaal
13%
Drenthe 34.256 Tynaarlo
13%
Noord-Holland 13.556 Uitgeest
13%
Groningen 27.441 Veendam
13%
Utrecht 67.748 Veenendaal
13%
Noord-Holland 68.507 Velsen
13%
Zuid-Holland 73.285 Voorne aan Zee
13%
Noord-Brabant 49.325 Waalwijk
13%
Zuid-Holland 27.215 Wassenaar
13%
Groningen 26.701 Westerwolde
13%
Utrecht 66.046 Zeist
13%
Zuid-Holland 44.741 Zwijndrecht
13%
Noord-Holland 32.480 Aalsmeer
10%
Friesland 27.938 Achtkarspelen
10%
Friesland 3.743 Ameland
10%
Utrecht 24.870 Baarn
10%
Gelderland 60.617 Barneveld
10%
Noord-Holland 42.077 Beverwijk
10%
Zuid-Holland 35.765 Bodegraven-Reeuwijk
10%
Noord-Holland 36.294 Castricum
10%
Noord-Holland 31.762 Diemen
10%
Noord-Holland 36.445 Edam-Volendam
10%
Groningen 45.559 Eemsdelta
10%
Noord-Holland 18.631 Enkhuizen
10%
Noord-Holland 58.885 Gooise Meren
10%
Zuid-Holland 37.635 Gorinchem
10%
Zuid-Holland 18.510 Hardinxveld-Giessendam
10%
Noord-Holland 39.143 Heemskerk
10%
Friesland 51.136 Heerenveen
10%
Zuid-Holland 31.720 Hendrik-Ido-Ambacht
10%
Groningen 48.006 Het Hogeland
10%
Noord-Holland 48.731 Hollands Kroon
10%
Zuid-Holland 27.931 Kaag en Braassem
10%
Overijssel 54.846 Kampen
10%
Zuid-Holland 27.477 Leiderdorp
10%
Zuid-Holland 34.328 Maassluis
10%
Noord-Holland 45.437 Medemblik
10%
Zuid-Holland 19.465 Midden-Delfland
10%
Zuid-Holland 44.660 Molenlanden
10%
Limburg 7.984 Mook en Middelaar
10%
Drenthe 31.295 Noordenveld
10%
Zuid-Holland 44.358 Noordwijk
10%
Noord-Brabant 56.596 Oosterhout
10%
Zuid-Holland 32.174 Papendrecht
10%
Groningen 12.186 Pekela
10%
Noord-Brabant 77.182 Roosendaal
10%
Noord-Holland 46.834 Schagen
10%
Friesland 943 Schiermonnikoog
10%
Friesland 55.863 Smallingerland
10%
Noord-Holland 21.944 Stede Broec
10%
Friesland 90.331 Súdwest-Fryslân
10%
Friesland 4.934 Terschelling
10%
Zuid-Holland 37.941 Teylingen
10%
Noord-Holland 31.007 Uithoorn
10%
Zuid-Holland 31.382 Waddinxveen
10%
Noord-Holland 17.308 Waterland
10%
Groningen 64.345 Westerkwartier
10%
Drenthe 19.844 Westerveld
10%
Utrecht 52.918 Woerden
10%
Noord-Holland 17.142 Zandvoort
10%
Zuid-Holland 9.322 Zoeterwoude
10%
Zuid-Holland 45.835 Zuidplas
10%
Noord-Brabant 57.020 Altena
6%
Noord-Holland 29.741 Bergen
6%
Noord-Brabant 67.938 Bergen op Zoom
6%
Noord-Holland 23.701 Bloemendaal
6%
Noord-Brabant 33.088 Boxtel
6%
Limburg 27.691 Brunssum
6%
Utrecht 15.649 Bunnik
6%
Utrecht 22.321 Bunschoten
6%
Friesland 18.977 Dantumadeel
6%
Utrecht 43.506 De Bilt
6%
Friesland 51.604 De Friese Meren
6%
Utrecht 45.026 De Ronde Venen
6%
Noord-Holland 19.993 Drechterland
6%
Utrecht 9.460 Eemnes
6%
Limburg 25.855 Eijsden-Margraten
6%
Noord-Brabant 44.124 Etten-Leur
6%
Gelderland 48.839 Harderwijk
6%
Friesland 15.903 Harlingen
6%
Noord-Holland 27.563 Heemstede
6%
Noord-Brabant 45.559 Heusden
6%
Limburg 43.054 Horst aan de Maas
6%
Utrecht 33.436 IJsselstein
6%
Noord-Holland 23.010 Koggenland
6%
Zuid-Holland 29.425 Krimpen aan den IJssel
6%
Limburg 37.066 Landgraaf
6%
Noord-Brabant 90.780 Land van Cuijk
6%
Limburg 35.948 Leudal
6%
Utrecht 30.712 Leusden
6%
Utrecht 14.517 Lopik
6%
Noord-Brabant 82.672 Meierijstad
6%
Utrecht 13.817 Montfoort
6%
Zuid-Holland 29.297 Nieuwkoop
6%
Friesland 45.601 Noardeast-Fryslân
6%
Noord-Brabant 32.549 Oisterwijk
6%
Friesland 25.687 Ooststellingwerf
6%
Friesland 29.787 Opsterland
6%
Utrecht 10.178 Oudewater
6%
Limburg 44.381 Peel en Maas
6%
Utrecht 5.642 Renswoude
6%
Utrecht 20.264 Rhenen
6%
Gelderland 1.753 Rozendaal
6%
Utrecht 47.126 Soest
6%
Overijssel 44.767 Steenwijkerland
6%
Utrecht 65.235 Stichtse Vecht
6%
Gelderland 42.291 Tiel
6%
Friesland 32.322 Tietjerksteradeel
6%
Utrecht 50.016 Utrechtse Heuvelrug
6%
Utrecht 58.889 Vijfheerenlanden
6%
Friesland 1.197 Vlieland
6%
Zuid-Holland 25.569 Voorschoten
6%
Friesland 46.344 Waadhoeke
6%
Gelderland 39.923 Wageningen
6%
Friesland 26.280 Weststellingwerf
6%
Noord-Holland 24.491 Wijdemeren
6%
Utrecht 23.917 Wijk bij Duurstede
6%
Noord-Holland 16.403 Wormerland
6%
Utrecht 13.901 Woudenberg
6%
Noord-Brabant 10.442 Alphen-Chaam
3%
Limburg 15.790 Beek
3%
Limburg 35.931 Beekdaelen
3%
Limburg 13.403 Beesel
3%
Limburg 13.085 Bergen
3%
Gelderland 43.825 Berkelland
3%
Noord-Brabant 30.648 Best
3%
Overijssel 24.061 Borne
3%
Gelderland 20.873 Brummen
3%
Noord-Brabant 20.671 Cranendonck
3%
Gelderland 29.348 Culemborg
3%
Overijssel 29.171 Dalfsen
3%
Noord-Brabant 32.604 Deurne
3%
Overijssel 26.595 Dinkelland
3%
Gelderland 11.039 Doesburg
3%
Noord-Brabant 26.515 Dongen
3%
Noord-Brabant 27.537 Drimmelen
3%
Gelderland 19.209 Druten
3%
Limburg 31.727 Echt-Susteren
3%
Gelderland 23.746 Elburg
3%
Noord-Brabant 21.951 Geertruidenberg
3%
Noord-Brabant 40.163 Geldrop-Mierlo
3%
Limburg 17.221 Gennep
3%
Noord-Brabant 26.509 Gilze en Rijen
3%
Noord-Brabant 24.003 Goirle
3%
Limburg 14.162 Gulpen-Wittem
3%
Overijssel 24.278 Haaksbergen
3%
Gelderland 12.304 Hattem
3%
Gelderland 19.010 Heerde
3%
Noord-Holland 24.410 Heiloo
3%
Overijssel 35.987 Hellendoorn
3%
Gelderland 17.021 Heumen
3%
Noord-Brabant 15.821 Hilvarenbeek
3%
Overijssel 35.078 Hof van Twente
3%
Gelderland 46.988 Lingewaard
3%
Noord-Brabant 23.794 Loon op Zand
3%
Overijssel 23.106 Losser
3%
Limburg 24.036 Maasgouw
3%
Noord-Brabant 58.384 Maashorst
3%
Limburg 18.556 Meerssen
3%
Noord-Brabant 37.298 Moerdijk
3%
Limburg 17.320 Nederweert
3%
Gelderland 44.360 Nijkerk
3%
Noord-Brabant 19.076 Oirschot
3%
Gelderland 23.933 Oldebroek
3%
Overijssel 31.788 Oldenzaal
3%
Overijssel 18.535 Olst-Wijhe
3%
Overijssel 18.450 Ommen
3%
Gelderland 48.274 Overbetuwe
3%
Overijssel 38.141 Raalte
3%
Gelderland 43.476 Rheden
3%
Overijssel 38.230 Rijssen-Holten
3%
Limburg 20.553 Roerdalen
3%
Gelderland 10.308 Scherpenzeel
3%
Limburg 10.441 Simpelveld
3%
Overijssel 17.276 Staphorst
3%
Limburg 24.806 Stein
3%
Overijssel 21.367 Tubbergen
3%
Overijssel 33.708 Twenterand
3%
Limburg 10.113 Vaals
3%
Limburg 16.159 Valkenburg aan de Geul
3%
Noord-Brabant 31.251 Valkenswaard
3%
Noord-Brabant 45.839 Veldhoven
3%
Limburg 12.408 Voerendaal
3%
Noord-Brabant 31.828 Vught
3%
Gelderland 52.010 West Betuwe
3%
Overijssel 24.677 Wierden
3%
Gelderland 44.689 Zevenaar
3%
Gelderland 48.299 Zutphen
3%
Overijssel 23.042 Zwartewaterland
3%
Gelderland 27.105 Aalten
0%
Noord-Brabant 17.076 Asten
0%
Noord-Brabant 6.943 Baarle-Nassau
0%
Noord-Brabant 18.877 Bergeijk
0%
Gelderland 34.979 Berg en Dal
0%
Noord-Brabant 31.763 Bernheze
0%
Gelderland 26.244 Beuningen
0%
Noord-Brabant 20.707 Bladel
0%
Noord-Brabant 11.053 Boekel
0%
Gelderland 36.073 Bronckhorst
0%
Gelderland 27.225 Buren
0%
Gelderland 24.958 Duiven
0%
Noord-Brabant 19.843 Eersel
0%
Gelderland 33.246 Epe
0%
Gelderland 27.270 Ermelo
0%
Noord-Brabant 31.078 Gemert-Bakel
0%
Noord-Brabant 30.771 Halderberge
0%
Noord-Brabant 16.496 Heeze-Leende
0%
Noord-Brabant 22.954 Laarbeek
0%
Gelderland 34.096 Lochem
0%
Gelderland 25.531 Maasdriel
0%
Gelderland 36.348 Montferland
0%
Gelderland 25.061 Neder-Betuwe
0%
Noord-Brabant 23.814 Nuenen c.a.
0%
Gelderland 28.209 Nunspeet
0%
Gelderland 29.622 Oost Gelre
0%
Gelderland 39.365 Oude IJsselstreek
0%
Gelderland 24.602 Putten
0%
Gelderland 31.322 Renkum
0%
Noord-Brabant 13.282 Reusel-De Mierden
0%
Noord-Brabant 23.333 Rucphen
0%
Noord-Brabant 29.703 Sint-Michielsgestel
0%
Noord-Brabant 19.709 Someren
0%
Noord-Brabant 17.773 Son en Breugel
0%
Noord-Brabant 24.336 Steenbergen
0%
Gelderland 24.991 Voorst
0%
Noord-Brabant 17.677 Waalre
0%
Gelderland 14.943 Westervoort
0%
Gelderland 19.674 West Maas en Waal
0%
Gelderland 41.319 Wijchen
0%
Gelderland 29.166 Winterswijk
0%
Noord-Brabant 22.097 Woensdrecht
0%
Gelderland 29.982 Zaltbommel
0%
Noord-Brabant 22.210 Zundert
0%
Geen overeenkomende quizzen gevonden
Scoreverdeling
Procent van Mensen met Elke Score
Percentiel versus Aantal Correcte Antwoorden
Uw Scoregeschiedenis
U heeft deze quiz nog niet genomen